000 00244nam a2200097 a 4500
005 20200930065806.0
008 110725s1907 000 spa d
245 0 _aHaiti : son et ses détracteurs.
260 _aNew York,
_c1907.
999 _c32205
_d32205
040 _aDO-SdBNP